00463pab a2200145 454500008004000000100002300040245011600063260000900179300001400188362000800202650001400210700001900224700002900243773004500272180718b2009 xxu||||| |||| 00| 0 eng d aO'Connell, Lenahan aTransportation commissions as accountability structures; a review of their statutory roles and other attributes c2009 ap.409-24. aJul aTransport aHackbart, Merl aYusuf, Juita-Elena (Wie) aAmerican Review of Public Administration